| 000 | 00355nam a22001457a 4500 | ||
|---|---|---|---|
| 003 | OSt | ||
| 008 | 220901b |||||||| |||| 00| 0 eng d | ||
| 020 | _a9780070634343 | ||
| 082 |
_a005.369 _bIBR/MA |
||
| 100 |
_aIbrahim Zead _9168 |
||
| 245 | _aMastering CAD/CAM | ||
| 260 |
_aNew Delhi _bTata McGraw Hill Education _c2012 |
||
| 300 | _a932 | ||
| 942 | _cBK | ||
| 999 |
_c14141 _d14141 |
||